Glasgow market bulletin. - First quarter - Fourth quarter 1994 (Record no. 90484)

MARC details
000 -LEADER
fixed length control field 00558cam a2200217 4500
001 - CONTROL NUMBER
control field E2086
008 - FIXED-LENGTH DATA ELEMENTS--GENERAL INFORMATION
fixed length control field 090401t xxu||||| |||| 00| 0 eng d
035 ## - SYSTEM CONTROL NUMBER
System control number (Sirsi) u37474
041 ## - LANGUAGE CODE
Language code of text/sound track or separate title eng
050 ## - LIBRARY OF CONGRESS CALL NUMBER
Classification number 333.33
110 ## - MAIN ENTRY--CORPORATE NAME
Corporate name or jurisdiction name as entry element Richard Ellis
9 (RLIN) 1875
245 ## - TITLE STATEMENT
Title Glasgow market bulletin. - First quarter - Fourth quarter 1994
260 ## - PUBLICATION, DISTRIBUTION, ETC.
Place of publication, distribution, etc. London
Name of publisher, distributor, etc. Richard Ellis
Date of publication, distribution, etc. 1994-95
300 ## - PHYSICAL DESCRIPTION
Extent 4 pt. ; 30cm.
350 ## - PRICE (NR) (BK AM CF MU VM SE) [OBSOLETE]
Price 0
650 ## - SUBJECT ADDED ENTRY--TOPICAL TERM
Topical term or geographic name entry element FLOORSPACE STATISTICS
650 ## - SUBJECT ADDED ENTRY--TOPICAL TERM
Topical term or geographic name entry element OFFICES
690 ## - LOCAL SUBJECT ADDED ENTRY--TOPICAL TERM (OCLC, RLIN)
Topical term or geographic name as entry element PROPERTY-COMMERCIAL PROPERTY
942 ## - ADDED ENTRY ELEMENTS (KOHA)
Suppress in OPAC 0
948 ## - LOCAL PROCESSING INFORMATION (OCLC); SERIES PART DESIGNATOR (RLIN)
c (OCLC) 04/03/1997
Holdings
Withdrawn status Lost status Source of classification or shelving scheme Damaged status Not for loan Home library Current library Shelving location Date acquired Total Checkouts Full call number Barcode Date last seen Copy number Price effective from Koha item type
    Dewey Decimal Classification     London London Property market reports 26/07/1994   PROPERTY MARKET REPORTS 30042175 06/08/2019 1 06/08/2019 Book
    Dewey Decimal Classification     London London Property market reports 25/10/1994   PROPERTY MARKET REPORTS 30042859 06/08/2019 2 06/08/2019 Book
    Dewey Decimal Classification     London London Property market reports 26/01/1995   PROPERTY MARKET REPORTS 30044856 06/08/2019 3 06/08/2019 Book
    Dewey Decimal Classification     London London Property market reports 28/03/1995   PROPERTY MARKET REPORTS 30045445 06/08/2019 4 06/08/2019 Book